Science and common sense (Record no. 57069)

MARC details
000 -LEADER
fixed length control field 00475nam a2200133 a 4500
008 - FIXED-LENGTH DATA ELEMENTS--GENERAL INFORMATION
fixed length control field 080109s1966 ||||||||||||||||| || u
050 ## - LIBRARY OF CONGRESS CALL NUMBER
Classification number Q 175 Con
100 ## - MAIN ENTRY--PERSONAL NAME
Personal name Conant, James Bryant
245 10 - TITLE STATEMENT
Title Science and common sense
260 ## - PUBLICATION, DISTRIBUTION, ETC.
Place of publication, distribution, etc. New Haven
Name of publisher, distributor, etc. Yale University
Date of publication, distribution, etc. 1966
300 ## - PHYSICAL DESCRIPTION
Extent xiii, 344p. : ill.
350 ## - PRICE (NR) (BK AM CF MU VM SE) [OBSOLETE]
Price 0.00
995 ## - RECOMMENDATION 995 [LOCAL, UNIMARC FRANCE]
-- 0.00
-- CBU-MAIN LIBRARY (Kitwe)
-- 1
-- 0.00
-- 1
-- AVAILABLE
-- Annex Low-Usage Collection
Holdings
Withdrawn status Lost status Source of classification or shelving scheme Damaged status Not for loan Home library Current library Shelving location Date acquired Total Checkouts Full call number Barcode Date last seen Price effective from Koha item type
          CBU-MAIN LIBRARY, KITWE. CBU-MAIN LIBRARY, KITWE.   11/30/2022   Q 175 Con 011383 11/30/2022 11/30/2022 MONOGRAPH